000 00848nam a2200229Ii 4500
003 JO-AjNU
008 230605s9999||||xx |||||||||||||| ||und||
017 _a2005/9/2098
020 _a9957-16-105-9
040 _aJO-AjNU
_bara
_erda
_cJO-AjNU
041 _aara
050 1 4 _aHV6024 .N3488 2011
100 3 _aنجم، محمد صبحي,
_eauthor
_931352
245 0 0 _aاصول علم الاجرام وعلم العقاب : دراسة تحليلية وصفية موجزة
250 _aط2
264 3 1 _aعمان: دار الثقافة للنشر والتوزيع، 2011
300 _a224ص
_bيحتوي على ببلوغرافية من 215-224ص
336 _atext
_btxt
_2rdacontent
337 _aunmediated
_bn
_2rdamedia
338 _avolume
_bnc
_2rdacarrier
650 4 _aالعقوبات - علم الجريمة - الجرائم
_931353
999 _aA12532
_c16100
_d16100